| 000 | 01807cam a22004334a 4500 | ||
|---|---|---|---|
| 001 | 111591 | ||
| 005 | 20230410103901.0 | ||
| 008 | 050920s2005 nyub b 001 0 eng | ||
| 035 | _a14114624 | ||
| 010 | _a 2005027335 | ||
| 020 | _a1583226516 | ||
| 020 | _a9781583226513 | ||
| 035 | _a(OCoLC)ocm61703920 | ||
| 035 | _a(OCoLC)61703920 | ||
| 040 |
_aDLC _cDLC _dYDX _dBAKER _dBTCTA _dYDXCP _dOCLCG _dDLC |
||
| 041 | 1 |
_aeng _hheb |
|
| 042 | _apcc | ||
| 043 |
_aaw----- _aa-is--- |
||
| 050 | 1 | 4 |
_a416 DS 119.76 _bR371i 2005 |
| 082 | 0 | 0 | _a956.9405 |
| 100 | 1 | _aReinhart, Tanya. | |
| 245 | 1 | 0 |
_aIsrael/Palestine : _bhow to end the War of 1948 / _cTanya Reinhart. |
| 250 | _a2nd ed. | ||
| 260 |
_aNew York : _bSeven Stories Press, _cc2005. |
||
| 300 |
_a299 p. : _bmaps ; _c19 cm. |
||
| 440 | 3 | _aAn open media book | |
| 546 | _aSome chapters translated from Hebrew. | ||
| 504 | _aIncludes bibliographical references and index. | ||
| 505 | 0 | _aThe Oslo years : false expectations -- The Camp David negotiations : myths and facts -- The Syria precedent -- Barak's version of Sharon -- October 2000 : "the second half of 1948" -- The first year : Israel's slow ethnic cleansing -- December 2001 : "topple Arafat" -- April-June 2002 : the return of military occupation -- What does Israel really want? -- The way out. | |
| 650 | 0 |
_aArab-Israeli conflict _y1993- |
|
| 651 | 0 |
_aIsrael _xPolitics and government _y1993- |
|
| 600 | 1 | 0 |
_aBarak, Ehud, _d1942- _xPolitical activity. |
| 651 | 4 |
_aIsrael _xPolítica y gobierno _y1993- |
|
| 650 | 4 | _aConflicto árabe-israelí. | |
| 856 | 4 | 1 |
_3Table of contents _uhttp://www.loc.gov/catdir/toc/ecip0519/2005027335.html |
| 856 | 4 | 2 |
_3Publisher description _uhttp://www.loc.gov/catdir/enhancements/fy0623/2005027335-d.html |
| 942 |
_2lcc _cbk |
||
| 946 | _almd | ||
| 999 |
_c27714 _d27714 |
||